000 00505 a2200181 4500
003 OSt
005 20240207161026.0
008 240207b |||||||| |||| 00| 0 eng d
020 _a9788119289684
040 _coclc
082 _a894.8125
_bSAJ/N
100 _aSaji M. S
_910420
245 _aNiyama Bhashanangal /
_c M. S Saji
250 _a1st ed.
260 _aKozhikode:
_bLIPI Publications,
_c2023.
300 _a142p.
942 _2ddc
_cBK
_h894.8125
_iSAJ/N
_k894.8125
_mSAJ/N
999 _c44375
_d44375